00730nam a2200229 a 450000100060000000300080000600500170001400800410003102000150007203500190008704000350010604100080014108200280014910000340017724500940021126000480030530000300035349000370038350000190042065000240043983000370046329044BD-RjUL20211209051350.0940712r19691966enk 001 0 eng d a0582323169 a(BD-RjUL)29129 aBD-RjULbengcBD-RjULdBD-RjUL aeng 223a519.02457bBIS 19691 aBishop, O. N.q(Owen Neville)10aStatistics for biology :ba practical guide for the experimental biologist /cO.N. Bishop aLondon :bLongmans,c1966 [Impression 1969] ax, 182 p. :bIll.;c22 cm aThe principles of modern biology aIncludes index 0aBiologyxStatistics 4aThe principles of modern biology